[Event "PRO League KO Stage 2018"]
[Site "San Francisco USA"]
[Date "2018.04.08"]
[Round "4"]
[White "Manukian, Artak"]
[Black "Wang, Yue"]
[Result "0-1"]
[BlackTitle "GM"]
[WhiteElo "2196"]
[BlackElo "2690"]
[WhiteTeam "Armenia Eagles"]
[BlackTeam "Chengdu Pandas"]
[WhiteFideId "13301373"]
[BlackFideId "8601429"]
[EventDate "2018.03.13"]

1. e4 c6 2. d4 d5 3. e5 Bf5 4. Nf3 e6 5. c4 Ne7 6. Nc3 h6 7. Qb3 Qb6 8. c5 Qc7
9. Be3 Nd7 10. Rc1 Bh7 11. Be2 Nf5 12. O-O Be7 13. Qd1 O-O 14. b4 Nxe3 15. fxe3
f6 16. exf6 Bxf6 17. Bd3 Bxd3 18. Qxd3 e5 19. Qg6 e4 20. Nd2 Bg5 21. Qe6+ Kh8
22. Qh3 Nf6 23. Rf5 Qc8 24. Rcf1 g6 25. Rxg5 Qxh3 26. gxh3 hxg5 27. Nb3 g4 28.
Kg2 gxh3+ 29. Kxh3 Nh5 30. Re1 Rf3+ 31. Kg2 Nf4+ 32. exf4 Rxc3 33. Na5 Rf8 34.
Nxb7 Rxf4 35. Re2 e3 36. Na5 Rxd4 37. Nxc6 Rd1 38. Ne5 Kg7 39. c6 d4 40. b5 Kf6
41. Nd7+ Kf5 42. a4 g5 43. a5 Rd2 44. Kf1 Rc1+ 0-1

[Event "PRO League KO Stage 2018"]
[Site "San Francisco USA"]
[Date "2018.04.08"]
[Round "4"]
[White "Manukian, Artak"]
[Black "Chu, Ruotong"]
[Result "1/2-1/2"]
[WhiteElo "2196"]
[BlackElo "2284"]
[WhiteTeam "Armenia Eagles"]
[BlackTeam "Chengdu Pandas"]
[WhiteFideId "13301373"]
[BlackFideId "8605653"]
[EventDate "2018.03.13"]

1. e4 e5 2. d4 exd4 3. Nf3 Bb4+ 4. Nbd2 Nc6 5. Bc4 Nf6 6. O-O d6 7. a3 Bc5 8. b4
Bb6 9. h3 O-O 10. Bb2 Ne5 11. Be2 c5 12. Ne1 Ng6 13. f4 cxb4 14. Kh2 bxa3 15.
Bxa3 Re8 16. Bd3 Ba5 17. Nc4 Nxe4 18. Nxa5 Qxa5 19. Bxd6 Qd5 20. Bb4 Bf5 21. Ra5 1/2-1/2

[Event "PRO League KO Stage 2018"]
[Site "San Francisco USA"]
[Date "2018.04.08"]
[Round "4"]
[White "Grigoryan, Karen H."]
[Black "Ni, Hua"]
[Result "1/2-1/2"]
[WhiteTitle "GM"]
[BlackTitle "GM"]
[WhiteElo "2571"]
[BlackElo "2670"]
[WhiteTeam "Armenia Eagles"]
[BlackTeam "Chengdu Pandas"]
[WhiteFideId "13301004"]
[BlackFideId "8601160"]
[EventDate "2018.03.13"]

1. g3 d5 2. Bg2 Nf6 3. Nf3 c5 4. O-O Nc6 5. d3 e5 6. e4 d4 7. Nbd2 Bd6 8. Nc4
O-O 9. Nxd6 Qxd6 10. Nh4 Rb8 11. h3 b5 12. f4 c4 13. fxe5 Nxe5 14. Bg5 Ne8 15.
Nf5 Bxf5 16. exf5 Nf6 17. Qd2 Rfe8 18. Rae1 cxd3 19. cxd3 h6 20. Bf4 Nh5 21. Re4
Nxf4 22. Rfxf4 Rbd8 23. f6 Ng6 24. Rxe8+ Rxe8 25. Rf3 Qe5 26. fxg7 Kxg7 27. Qf2
Qe1+ 28. Bf1 Qxf2+ 29. Rxf2 Rc8 30. Rd2 f5 31. Kf2 Kf6 32. Ke1 Rc1+ 33. Rd1
Rxd1+ 34. Kxd1 f4 35. gxf4 Nxf4 36. Ke1 Ke5 37. Kf2 b4 38. Kf3 Kf5 39. Kg3 a5
40. a4 b3 41. h4 h5 42. Kf3 Ke5 43. Kg3 Kf5 44. Kf3 Ke5 45. Kg3 Nd5 46. Be2 Nb6
47. Bxh5 Nxa4 48. Bd1 Nxb2 49. Bxb3 a4 50. Ba2 Nxd3 51. Kf3 Nb4 52. Bc4 a3 53.
h5 d3 54. h6 Kf6 55. h7 Kg7 56. Ke3 Kxh7 57. Kd2 Kg7 58. Kc3 Kf6 59. Bb3 Ke5 60.
Kxb4 Kd4 61. Kxa3 Kc3 62. Bd1 Kd2 63. Bb3 Kc1 64. Kb4 d2 65. Ka5 d1=Q 66. Bxd1 1/2-1/2

[Event "PRO League KO Stage 2018"]
[Site "San Francisco USA"]
[Date "2018.04.08"]
[Round "4"]
[White "Sebenik, Matej"]
[Black "Zherebukh, Yaroslav"]
[Result "0-1"]
[WhiteTitle "GM"]
[BlackTitle "GM"]
[WhiteElo "2562"]
[BlackElo "2633"]
[WhiteTeam "Ljubljana Turtles"]
[BlackTeam "Saint Louis Arch Bishops"]
[WhiteFideId "14602296"]
[BlackFideId "14116804"]
[EventDate "2018.03.13"]

1. Nf3 Nf6 2. c4 e6 3. g3 d5 4. Bg2 dxc4 5. Qa4+ Qd7 6. Qxc4 Qc6 7. d3 Qxc4 8.
dxc4 Bb4+ 9. Bd2 Bxd2+ 10. Nfxd2 Nbd7 11. Nc3 c6 12. O-O-O e5 13. Nde4 Nxe4 14.
Nxe4 Nf6 15. Nd6+ Ke7 16. Rd2 Rb8 17. e3 Rd8 18. Nxc8+ Rbxc8 19. Rhd1 Rxd2 20.
Rxd2 a5 21. c5 Rd8 22. a3 a4 23. Rc2 Ra8 24. Rc4 Ra5 25. Bh3 Ne8 26. Kd2 Kd8 27.
Bf5 Nf6 28. Bc2 h6 29. Bxa4 Rxc5 30. Rxc5 Ne4+ 31. Ke2 Nxc5 32. Bc2 Ke7 33. b4
Nd7 34. f4 Kd6 35. Kd3 b5 36. Kc3 Nf6 37. Bb3 Ng4 38. Kd2 Nxh2 39. Bxf7 Nf1+ 40.
Ke2 Nxg3+ 41. Kf3 exf4 42. exf4 Nf5 43. Ke4 Ne7 44. Be8 Nd5 45. Kf5 Ne7+ 46. Ke4
Ke6 47. Bh5 Nd5 48. Bg4+ Kd6 49. Bh3 g6 50. Bc8 Nc3+ 51. Kd4 Nb1 52. f5 gxf5 53.
Bxf5 Nxa3 54. Bg6 Nc4 55. Be8 Nb6 56. Kc3 Nd5+ 57. Kb3 Nf6 58. Bg6 h5 59. Bf5 h4
60. Bh3 Nd5 61. Bf5 Nf4 62. Be4 h3 63. Kc3 Nd5+ 64. Kb3 h2 65. Bh1 Ne3 66. Kc3
Nf1 0-1

[Event "PRO League KO Stage 2018"]
[Site "San Francisco USA"]
[Date "2018.04.08"]
[Round "4"]
[White "Sebenik, Matej"]
[Black "Swiercz, Dariusz"]
[Result "0-1"]
[WhiteTitle "GM"]
[BlackTitle "GM"]
[WhiteElo "2562"]
[BlackElo "2654"]
[WhiteTeam "Ljubljana Turtles"]
[BlackTeam "Saint Louis Arch Bishops"]
[WhiteFideId "14602296"]
[BlackFideId "1126881"]
[EventDate "2018.03.13"]

1. d4 Nf6 2. c4 e6 3. Nf3 d5 4. Nc3 Bb4 5. Qb3 a5 6. Bg5 c5 7. dxc5 Na6 8. O-O-O
Nxc5 9. Qc2 Bxc3 10. Qxc3 Nce4 11. Bxf6 Qxf6 12. Qxf6 gxf6 13. Rg1 Nxf2 14. Rd4
dxc4 15. Rxc4 e5 16. e3 Be6 17. Rc2 Ng4 18. Bb5+ Ke7 19. Kd2 Rac8 20. Rgc1 Rxc2+
21. Rxc2 Rc8 22. Rxc8 Bxc8 23. h3 Nh6 24. g4 Ng8 25. Bd3 h5 26. Bf5 Bxf5 27.
gxf5 e4 28. Nh4 Kd6 29. Kc3 Kc5 30. Ng2 Ne7 31. Nf4 Nd5+ 32. Nxd5 Kxd5 33. a4
Ke5 34. Kc4 Kxf5 35. Kd5 Kg5 36. Kxe4 Kh4 37. Kf5 Kxh3 38. Kxf6 Kg4 39. e4 Kf4 0-1

[Event "PRO League KO Stage 2018"]
[Site "San Francisco USA"]
[Date "2018.04.08"]
[Round "4"]
[White "Chu, Ruotong"]
[Black "Manukian, Artak"]
[Result "1-0"]
[WhiteElo "2284"]
[BlackElo "2196"]
[WhiteTeam "Chengdu Pandas"]
[BlackTeam "Armenia Eagles"]
[WhiteFideId "8605653"]
[BlackFideId "13301373"]
[EventDate "2018.03.13"]

1. d4 d6 2. e4 Nf6 3. Nc3 g6 4. Nf3 Bg7 5. h3 O-O 6. Be3 c6 7. a4 a5 8. Be2 Na6
9. O-O Nb4 10. Qd2 Qc7 11. Bf4 Nd7 12. Bg5 Re8 13. Rac1 e5 14. d5 Nc5 15. Bh6
cxd5 16. exd5 Bd7 17. Bxg7 Kxg7 18. Nb5 Bxb5 19. Bxb5 e4 20. Bxe8 exf3 21. Bb5
fxg2 22. Kxg2 Qe7 23. Rce1 Qf6 24. c3 Nba6 25. Qd4 Qxd4 26. cxd4 Nb3 27. Re7
Nxd4 28. Rxb7 Nb4 29. Re1 Nxd5 30. Bc4 Nf4+ 31. Kh1 d5 32. Bxd5 Nxd5 33. Rd1 Nf4
34. Rxd4 Nxh3 35. Rdd7 Rf8 36. Kg2 Nf4+ 37. Kf3 Ne6 38. Ra7 Nc5 39. Rd4 Rb8 40.
Rf4 Rf8 41. Rxa5 Ne6 42. Rb4 h5 43. Re5 Kf6 44. Re1 g5 45. a5 g4+ 46. Kg3 Rd8
47. a6 Rd3+ 48. Re3 Rd1 49. a7 Ra1 50. Ra3 Rxa3+ 51. bxa3 Kg5 52. a8=Q h4+ 53.
Kh2 f5 54. Qg8+ Kf6 55. Rb6 g3+ 56. fxg3 hxg3+ 57. Kxg3 Ke5 58. Qxe6+ Kd4 59.
Rb4+ Kc3 60. Qb3+ Kd2 61. Rc4 f4+ 62. Kxf4 Ke2 63. Rc2+ Kd1 64. Qb1# 1-0

[Event "PRO League KO Stage 2018"]
[Site "San Francisco USA"]
[Date "2018.04.08"]
[Round "4"]
[White "Lenic, Luka"]
[Black "Swiercz, Dariusz"]
[Result "0-1"]
[WhiteTitle "GM"]
[BlackTitle "GM"]
[WhiteElo "2662"]
[BlackElo "2654"]
[WhiteTeam "Ljubljana Turtles"]
[BlackTeam "Saint Louis Arch Bishops"]
[WhiteFideId "14603853"]
[BlackFideId "1126881"]
[EventDate "2018.03.13"]

1. d4 Nf6 2. c4 e6 3. Nc3 d5 4. cxd5 Nxd5 5. e4 Nxc3 6. bxc3 c5 7. Nf3 cxd4 8.
cxd4 Bb4+ 9. Bd2 Bxd2+ 10. Qxd2 O-O 11. Bc4 Nd7 12. O-O b6 13. Rfe1 Bb7 14. a4
Nf6 15. Bd3 h6 16. a5 bxa5 17. Rxa5 Qc7 18. Rc5 Qe7 19. Qa5 Rfd8 20. h3 a6 21.
Rc7 Rd7 22. Rc4 Qd8 23. Qc3 Rc8 24. Rxc8 Qxc8 25. Qd2 Qa8 26. Qe3 a5 27. Ne5 Rd8
28. Bb1 a4 29. Nc4 Qa6 30. Na3 Qb6 31. e5 Nd5 32. Qd3 g6 33. Qd2 Qb3 34. Nc2 Nc3
35. Qxh6 Nxb1 36. Ne3 Rxd4 37. Rc1 Nc3 38. Kh2 a3 39. Ng4 Rxg4 40. hxg4 a2 41.
Qe3 Qd5 42. f3 Nb1 43. Qa7 Qxe5+ 44. Kh3 a1=Q 0-1

[Event "PRO League KO Stage 2018"]
[Site "San Francisco USA"]
[Date "2018.04.08"]
[Round "4"]
[White "Ni, Hua"]
[Black "Manukian, Artak"]
[Result "1-0"]
[WhiteTitle "GM"]
[WhiteElo "2670"]
[BlackElo "2196"]
[WhiteTeam "Chengdu Pandas"]
[BlackTeam "Armenia Eagles"]
[WhiteFideId "8601160"]
[BlackFideId "13301373"]
[EventDate "2018.03.13"]

1. e4 g6 2. d4 Bg7 3. Nc3 a6 4. f4 b5 5. Nf3 Bb7 6. Bd3 d6 7. Qe2 Nc6 8. e5 Nb4
9. Be4 d5 10. Bd3 Qd7 11. O-O e6 12. Nd1 Ne7 13. Nf2 O-O 14. Bd2 Nxd3 15. Nxd3
a5 16. a3 Qc6 17. Nc5 Nc8 18. Qe1 a4 19. Bb4 Re8 20. Qh4 Nb6 21. g4 Bc8 22. Qg3
Nd7 23. h4 Nxc5 24. Bxc5 b4 25. axb4 Ba6 26. Rfe1 Bc4 27. Ra3 Reb8 28. h5 Rb5
29. Qh4 Rxc5 30. bxc5 Qb7 31. Rb1 Be2 32. Qf2 Bxf3 33. Qxf3 Qb5 34. Qd3 Qb4 35.
c3 Qb7 36. b3 gxh5 37. g5 h6 38. Rxa4 hxg5 39. fxg5 Qc8 40. Rxa8 Qxa8 41. Rf1
Qd8 42. Qg3 Bf8 43. Qh4 Be7 44. Qxh5 Qf8 45. g6 f5 46. Qh7# 1-0

[Event "PRO League KO Stage 2018"]
[Site "San Francisco USA"]
[Date "2018.04.08"]
[Round "4"]
[White "Ni, Hua"]
[Black "Ter-Sahakyan, Samvel"]
[Result "1/2-1/2"]
[WhiteTitle "GM"]
[BlackTitle "GM"]
[WhiteElo "2670"]
[BlackElo "2553"]
[WhiteTeam "Chengdu Pandas"]
[BlackTeam "Armenia Eagles"]
[WhiteFideId "8601160"]
[BlackFideId "13302531"]
[EventDate "2018.03.13"]

1. d4 d5 2. c4 c6 3. Nf3 Nf6 4. Qc2 dxc4 5. Qxc4 Bg4 6. Nbd2 Nbd7 7. g3 e6 8.
Bg2 Be7 9. Qb3 Qb6 10. O-O O-O 11. Nc4 Qa6 12. Bg5 h6 13. Bxf6 Bxf6 14. e3 Rab8
15. Rfc1 Bxf3 16. Bxf3 c5 17. Rd1 cxd4 18. exd4 Rfd8 19. a4 Nb6 20. Nxb6 Qxb6
21. Qxb6 axb6 22. d5 exd5 23. Bxd5 Rd7 24. Bf3 Rbd8 25. Rxd7 Rxd7 26. Rd1 Rxd1+
27. Bxd1 Bxb2 28. Bf3 1/2-1/2